| 000 | 00830nam a2200241 i 4500 | ||
|---|---|---|---|
| 003 | DO-SdBNP | ||
| 005 | 20250716083359.0 | ||
| 007 | ta | ||
| 008 | 250716b2002 dr b|||| |||| 00| 0 spa d | ||
| 040 |
_aDO-SdBNP _bspa _cBNPHU _erda |
||
| 082 | 4 |
_axxxx _bV648L _222 |
|
| 100 |
_aVidal Potentitni, Trajano, _eautor _4aut. _973577 |
||
| 245 | 1 | 0 |
_aLegislación electoral de la República Dominicana / _crecopilación, Trajano Vidal Potentini A. |
| 250 | _aPrimera edición | ||
| 264 | 4 |
_aSanto Domingo : _bEdiciones Jurídicas Trajano Potentini _bLibrería Jurídica Virtual, _c©2002. |
|
| 300 |
_a299 páginas : _bmapas ; _c21 cm. |
||
| 336 |
_atexto _btxt _2rdacontent |
||
| 337 |
_asin mediación _bn _2rdamedia |
||
| 338 |
_avolumen _bnc _2rdacarrier |
||
| 590 | _aInventariado, 2025/BT | ||
| 910 | _aBtavárez | ||
| 942 |
_2ddc _cLBS1 |
||
| 999 |
_c59550 _d59550 |
||